Sermones del Illmo. Señor D. Juan Bautista Massillon, presbytero de la Congregacion del Oratorio, uno de los quarenta de la Academia Francesa, y obispo de Clermont / traducidos al español por el P. D. Pedro Diaz de Guereñu, de la Congregacion de Clerigos Reglares de S. Cayetano

Detalles Bibliográficos
Autor principal: Massillon, Jean Baptiste, ob. de Clermont, 1663-1742
Otros Autores: Díaz de Guereñu, Pedro, tr, Copin, Miguel, librero, Fernández, Manuel, viuda de, imp
Formato: Libro
Lenguaje:Spanish
Publicado: en Madrid : en la oficina de la viuda de Manuel Fernandez ; se hallará en la librería de Miguél Copin, Carrera de S. Geronimo y en la porterìa de San Cayetano, 1774.
Materias:
Colección:Banco de datos
Acervo:Catálogo bibliográfico de los libros antiguos del Seminario Conciliar San José de la Diócesis de Cuernavaca. Morelos
Descripción Física:11 t. ; 4°
Tema general:Homilética
Notas:Portada tipográfica con plecas y grabado central xilográfico. Varía titulo de la anteportada en t. 9: Paraphrasis moral de algunos Psalmos, por el Ilmo. Señor D. Juan Bautista Massillon. Varía titulo de la anteportada en t. 11: Compendio de la obra del Ilmo. Señor D. Juan Bautista Massillon. Texto a renglón seguido con paginación en números arábigos cornisas, notas a pie de página, reclamos y signaturas. Tomo con portada y numeración propias. Año del t. 6 publicado en 1774. Paginación: t. 6 [3] h., 377 p. Incluye cabeceras de títulos con motivos florales en grabado xilográfico. Incluye capitulares historiadas en grabado xilográfico. Encuadernación en pergamino sobre cartón. Marca de fuego: no identificada. Daños por humedad y polilla. Daños en la encuadernación, tapa superior desprendida
LEADER 02005nam a22002290004500
035 |a 100 
041 0 |a spa 
100 1 |a Massillon, Jean Baptiste, ob. de Clermont, 1663-1742 
245 1 0 |a Sermones del Illmo. Señor D. Juan Bautista Massillon, presbytero de la Congregacion del Oratorio, uno de los quarenta de la Academia Francesa, y obispo de Clermont / traducidos al español por el P. D. Pedro Diaz de Guereñu, de la Congregacion de Clerigos Reglares de S. Cayetano 
260 |a en Madrid : en la oficina de la viuda de Manuel Fernandez ; se hallará en la librería de Miguél Copin, Carrera de S. Geronimo y en la porterìa de San Cayetano, 1774. 
300 |a 11 t. ; 4°  
500 |a Portada tipográfica con plecas y grabado central xilográfico. Varía titulo de la anteportada en t. 9: Paraphrasis moral de algunos Psalmos, por el Ilmo. Señor D. Juan Bautista Massillon. Varía titulo de la anteportada en t. 11: Compendio de la obra del Ilmo. Señor D. Juan Bautista Massillon. Texto a renglón seguido con paginación en números arábigos cornisas, notas a pie de página, reclamos y signaturas. Tomo con portada y numeración propias. Año del t. 6 publicado en 1774. Paginación: t. 6 [3] h., 377 p. Incluye cabeceras de títulos con motivos florales en grabado xilográfico. Incluye capitulares historiadas en grabado xilográfico. Encuadernación en pergamino sobre cartón. Marca de fuego: no identificada. Daños por humedad y polilla. Daños en la encuadernación, tapa superior desprendida 
504 |a Al principio del t. 6 está el índice o tabla de contenido 
505 0 0 |a t. 6 Quarto de cuaresma 
650 1 0 |a Homilética 
700 1 |a Díaz de Guereñu, Pedro, tr. 
700 1 |a Copin, Miguel, librero 
700 1 |a Fernández, Manuel, viuda de, imp. 
949 |a Fondo antiguo, t. 6 (118) 
942 |c CUERNAVACA 
943 |g Catálogo bibliográfico de los libros antiguos del Seminario Conciliar San José de la Diócesis de Cuernavaca. Morelos 
999 |c 1079821  |d 1079821